Health Taxes: Policy and Practice (Record no. 3207)

MARC details
005 - DATE AND TIME OF LATEST TRANSACTION
control field 20250605111447.0
020 ## - INTERNATIONAL STANDARD BOOK NUMBER
International Standard Book Number 9 781800 612389
082 ## - DEWEY DECIMAL CLASSIFICATION NUMBER
Classification number 338.HEA
245 ## - TITLE STATEMENT
Title Health Taxes: Policy and Practice
260 ## - PUBLICATION, DISTRIBUTION, ETC.
Place of publication, distribution, etc. London,
Name of publisher, distributor, etc. World Scientific,
Date of publication, distribution, etc. 2022.
300 ## - PHYSICAL DESCRIPTION
Extent ix,513p.;ill.; tables.;
Other physical details References.;
Dimensions 23cm.
700 ## - ADDED ENTRY--PERSONAL NAME
Other authors/Editors LAUER, J.A.
942 ## - ADDED ENTRY ELEMENTS (KOHA)
Source of classification or shelving scheme Dewey Decimal Classification
Koha item type Books
Holdings
Date last seen Total checkouts Full call number Barcode Cost, replacement price Price effective from Koha item type Lost status Source of classification or shelving scheme Damaged status Not for loan Withdrawn status Home library Current library Shelving location Date acquired Cost, normal purchase price
06/05/2025   338.4 SHEA DOM00069 999999.99 06/05/2025 Books   Dewey Decimal Classification       CBE Dodoma CBE Dodoma Special Reserve Collection 03/12/2025 462840.00